| 000 | 00877nam a22002777a 4500 | ||
|---|---|---|---|
| 003 | CHAP | ||
| 005 | 20220329135415.0 | ||
| 008 | 971013s1977 r 00010 d | ||
| 010 | _a35939 | ||
| 011 | _a36911 | ||
| 035 | _a41030 | ||
| 040 | _cCHAP | ||
| 082 |
_a350 _bM45 |
||
| 110 |
_aMéxico. Coordinación General de Estudios Administrativos de la Presidencia de la República _976891 |
||
| 245 | _aDirectorio de la administración pública centralizada | ||
| 260 | _c1977 | ||
| 300 | _a65 h | ||
| 590 |
_aBATCH-UPD _b10 _c20130110 _lUCH01 _h0111 |
||
| 590 |
_aBATCH-UPD _b10 _c20130409 _lUCH01 _h2103 |
||
| 590 |
_aBATCH-UPD _b10 _c20130913 _lUCH01 _h1933 |
||
| 590 |
_aCONVERSION _b10 _c20130109 _lUCH01 _h1320 |
||
| 650 | 1 | 4 |
_aAdministración pública _xDirectorios. _9935 |
| 901 | _aBK | ||
| 942 | _cLIBRO | ||
| 949 |
_a350 M45 _bBC _cC _d33724000745568 _eC _h61410 _i41030 _sb |
||
| 999 |
_c35939 _d35939 |
||